00626nam a22001817a 450000500170000000800410001701000150005802000120007303500140008504000120009908200080011110000170011924501000013626000550023627000480029130000880033970000170042720240805140537.0090826t xxu||||| |||| 00| 0 eng d aENG-141217 c3000.00 aEN-124749 bEnglish a505 a Sahni .K.S  aIndian National Science Academy's Inspirational Journey in 75 years cS.K Sahni and P.N Tandon  bIndian National Science Academy aNew delhic2017  aBahadur Shah Zafar Marg,bNew delhie110002 a299p. c29cm.(Hb) a P.N Tandon